24 giờ trong đời một người đàn bà

Guardat en:
Dades bibliogràfiques
Autor principal: Xvaig Xtefan
Altres autors: Lê Phát (Dịch), Dương Tường dịch (Dịch)
Format: Llibre
Idioma:Vietnamese
Publicat: H. Nxb. Văn học 1986
Edició:In lần thứ hai
Matèries:
Etiquetes: Afegir etiqueta
Sense etiquetes, Sigues el primer a etiquetar aquest registre!
Thư viện lưu trữ: Mạng thư viện Đại học Đà Nẵng
LEADER 01145nam a2200361 4500
001 000004568
003 707
005 20120412100439.0
008 110722s1986 viesd
020 |c 16.000đ 
041 0 |a vie 
082 |a 833  |b XV-X 
100 0 |a Xvaig Xtefan 
245 0 |a 24 giờ trong đời một người đàn bà  |c Lê Phát, Dương Tường dịch 
250 |a In lần thứ hai 
260 |a H.  |b Nxb. Văn học  |c 1986 
300 |a 147 tr  |c 19 cm 
653 |a Văn học Áo 
653 |a Truyện vừa Áo 
700 |a Lê Phát  |e Dịch 
700 |a Dương Tường dịch  |e Dịch 
910 |a Huỳnh Thị Cẩm Lai 
910 |d 22/07/2011 
OWN |a LSP 
AVA |a UDN50  |b LSP  |d 833 XV-X  |e unavailable  |t Error 5002 Not defined in file expand_doc_bib_avail.  |f 1  |g 1  |h N  |i 0  |k 1 
999 |a From the UDN01 
AVA |a UDN50  |b LSP  |d 833 XV-X  |e unavailable  |t Error 5002 Not defined in file expand_doc_bib_avail.  |f 1  |g 1  |h N  |i 0  |k 1 
TYP |a Monograph 
TYP |a Printed language 
980 |a Mạng thư viện Đại học Đà Nẵng